000
00255nmm a2200085Ia 4500
008
220120s9999||||xx |||||||||||||||||und||
100
_a
Digit
245
0
_a
Essentials: Handbrake, Deluge, teamviewer, Libreoffice, easy
260
_a
Coorg Institute of Technology
999
_c
140100
_d
140100